Worm is stuck / (Record no. 3057)

MARC details
000 -LEADER
fixed length control field 00839nam a22002777a 4500
001 - CONTROL NUMBER
control field 3057
003 - CONTROL NUMBER IDENTIFIER
control field FISKH
005 - DATE AND TIME OF LATEST TRANSACTION
control field 20240201143442.0
008 - FIXED-LENGTH DATA ELEMENTS--GENERAL INFORMATION
fixed length control field 240201b cb ||||| |||| 00| 0 eng d
020 ## - INTERNATIONAL STANDARD BOOK NUMBER
International Standard Book Number 9780763611484
040 ## - CATALOGING SOURCE
Original cataloging agency FISKH
Language of cataloging eng
Transcribing agency FISKH
Modifying agency FISKH
050 ## - LIBRARY OF CONGRESS CALL NUMBER
Classification number 469
082 ## - DEWEY DECIMAL CLASSIFICATION NUMBER
Classification number PZ7
100 ## - MAIN ENTRY--PERSONAL NAME
Personal name Caple, Kathy
245 ## - TITLE STATEMENT
Title Worm is stuck /
Statement of responsibility, etc. Written and illustrated by Caple, Kathy
250 ## - EDITION STATEMENT
Edition statement First edition 2000
260 ## - PUBLICATION, DISTRIBUTION, ETC.
Place of publication, distribution, etc. Massachusetts :
Name of publisher, distributor, etc. Candlewick Press ,
Date of publication, distribution, etc. 2000
300 ## - PHYSICAL DESCRIPTION
Extent 8 pages :
Other physical details color illustrations ;
Dimensions 15 cm .
490 ## - SERIES STATEMENT
Series statement Brand New Readers
505 ## - FORMATTED CONTENTS NOTE
Formatted contents note A <br/>
520 ## - SUMMARY, ETC.
Summary, etc. It's about all the shapes worm turns himself into, and what happens when he tie himself in a knot.
521 8# - TARGET AUDIENCE NOTE
Target audience note 10 <br/>
Source Lexile <br/>
521 8# - TARGET AUDIENCE NOTE
Target audience note A <br/>
Source Raz-Plus <br/>
600 ## - SUBJECT ADDED ENTRY--PERSONAL NAME
Source of heading or term insects
Form subdivision fiction
942 ## - ADDED ENTRY ELEMENTS (KOHA)
Source of classification or shelving scheme Dewey Decimal Classification
Koha item type Books
Suppress in OPAC No
Holdings
Withdrawn status Lost status Source of classification or shelving scheme Damaged status Not for loan Collection Home library Current library Shelving location Date acquired Total Checkouts Full call number Barcode Date last seen Date last checked out Price effective from Koha item type
    Dewey Decimal Classification     Juvenile Fiction Footprints International School Library Network Toul Kork Campus Footprints International School Library Network Toul Tom Poung Campus TK Primary Library Room(4th Floor), Bookcase 7, Shelves 57-60, Dark Green Books 02/01/2024 3 CAP 469 FISTK02794 10/02/2025 09/15/2025 02/01/2024 Books